000
00215 a2200109 4500
020
_a
9780882721361
041
_a
spa
100
_a
Jin Kyu Park
245
_a
La rotacion y la Traslacion
942
_c
BK
952
_7
1
999
_c
23108
_d
23108